<?xml version="1.0" encoding="UTF-8"?><?xml-stylesheet type="text/xsl" href="static/style.xsl"?><OAI-PMH xmlns="http://www.openarchives.org/OAI/2.0/" xmlns:xsi="http://www.w3.org/2001/XMLSchema-instance" xsi:schemaLocation="http://www.openarchives.org/OAI/2.0/ http://www.openarchives.org/OAI/2.0/OAI-PMH.xsd"><responseDate>2026-06-01T02:49:03Z</responseDate><request verb="GetRecord" identifier="oai:riuma.uma.es:10630/29541" metadataPrefix="marc">https://riuma.uma.es/rest/oai/request</request><GetRecord><record><header><identifier>oai:riuma.uma.es:10630/29541</identifier><datestamp>2026-02-03T11:04:54Z</datestamp><setSpec>com_10630_2254</setSpec><setSpec>col_10630_37953</setSpec></header><metadata><record xmlns="http://www.loc.gov/MARC21/slim" xmlns:dcterms="http://purl.org/dc/terms/" xmlns:doc="http://www.lyncode.com/xoai" xmlns:xsi="http://www.w3.org/2001/XMLSchema-instance" xsi:schemaLocation="http://www.loc.gov/MARC21/slim http://www.loc.gov/standards/marcxml/schema/MARC21slim.xsd">
   <leader>00925njm 22002777a 4500</leader>
   <datafield ind2=" " ind1=" " tag="042">
      <subfield code="a">dc</subfield>
   </datafield>
   <datafield ind2=" " ind1=" " tag="720">
      <subfield code="a">Díaz-Durán, María Dolores</subfield>
      <subfield code="e">author</subfield>
   </datafield>
   <datafield ind2=" " ind1=" " tag="720">
      <subfield code="a">García-Aguilera, Francisco José</subfield>
      <subfield code="e">author</subfield>
   </datafield>
   <datafield ind2=" " ind1=" " tag="260">
      <subfield code="c">2015</subfield>
   </datafield>
   <datafield ind2=" " ind1=" " tag="520">
      <subfield code="a">Pretendemos dar a conocer una experiencia de innovación en el ámbito de la docencia universitaria en la Facultad de Ciencias de la Educación de la Universidad de Málaga. En estas materias, se han aplicado las TIC en sus diferentes modalidades. Las dos asignaturas son, Técnicas de observación en el ámbito educativo de la Diplomatura en Logopedia, a través del plan piloto de adaptación al Espacio Europeo de Educación Superior, y Observación sistemática y análisis de contextos, del primer curso del Grado en Maestro/a de Educación Infantil. Hemos analizado el impacto obtenido en el alumnado así como la repercusión del uso de dichas TIC en el aprendizaje. La metodología propuesta ha permitido a los estudiantes participar en actividades que les han ayudado a asimilar los contenidos planteados en cada una de las unidades didácticas; cobrando especial interés aquellas que fomentan el trabajo en equipo. Hemos tenido muy presente la integración de aplicaciones del universo 2.0, en lo referente a: diseño de contenidos, ejercicios (individuales/grupales), estudios de casos y otras actividades de trabajo colaborativo. También analizamos toda la información recogida por los docentes de estas asignaturas a través de diarios de clases y los resultados obtenidos por el alumnado.</subfield>
   </datafield>
   <datafield ind1="8" ind2=" " tag="024">
      <subfield code="a">Díaz, MD. y García, FJ. (2015). Docencia 2.0: Experiencias y buenas prácticas en el ámbito de la docencia universitaria. Revista Iberoamericana para la Investigación y el Desarrollo Educativo ISSN: 2007-2619, (8).</subfield>
   </datafield>
   <datafield ind1="8" ind2=" " tag="024">
      <subfield code="a">ISSN 2007 – 2619</subfield>
   </datafield>
   <datafield ind1="8" ind2=" " tag="024">
      <subfield code="a">https://hdl.handle.net/10630/29541</subfield>
   </datafield>
   <datafield tag="653" ind2=" " ind1=" ">
      <subfield code="a">Enseñanza superior - Efectos de las innovaciones tecnológicas</subfield>
   </datafield>
   <datafield ind2="0" ind1="0" tag="245">
      <subfield code="a">Docencia 2.0: experiencias y buenas prácticas en el ámbito de la docencia universitaria</subfield>
   </datafield>
</record>
</metadata></record></GetRecord></OAI-PMH>